[Event "CHI-ch sf Centro"]
[Site "Santiago de Chile"]
[Date "2014.01.23"]
[Round "2"]
[White "Carmona Rosales, Jose Luis"]
[Black "Alarcon Bahamondes, Roberto"]
[Result "0-1"]
[WhiteElo "1993"]
[BlackElo "2244"]
[PlyCount "60"]
[EventDate "2014.01.22"]
[EventType "swiss"]
[EventRounds "7"]
[EventCountry "CHI"]
[SourceTitle "CBM 158 Extra"]
[Source "ChessBase"]
[SourceDate "2014.02.28"]
[SourceVersion "1"]
[SourceVersionDate "2014.02.28"]
[SourceQuality "1"]

1. d4 Nf6 2. Nf3 g6 3. h3 c5 4. e3 Bg7 5. c3 b6 6. Nbd2 0-0 7. Be2 Bb7 8. b3 Nc6 9. 0-0 e5 10. dxe5 Nd5 11. Bb2 Nxe5 12. Qc2 Qe7 13. Nxe5 Qxe5 14. Nf3 Qf6 15. Rac1 Rfe8 16. Ba1 Qe7 17. Bc4 Nf6 18. Ng5 d5 19. Bb5 Rec8 20. Be2 d4 21. exd4 Nd5 22. Nf3 Nxc3 23. Bc4 cxd4 24. Bxc3 Bxf3 25. gxf3 b5 26. Bd2 bxc4 27. bxc4 Qd7 28. h4 d3 29. Qd1 Qh3 30. Bc3 Rxc4 0-1

[Event "CHI-chT"]
[Site "Santiago de Chile"]
[Date "2012.12.11"]
[Round "6"]
[White "Carmona Rosales, Jose Luis"]
[Black "Jaramillo Soto, Pablo"]
[Result "1-0"]
[WhiteElo "2048"]
[BlackElo "2178"]
[PlyCount "121"]
[EventDate "2012.11.22"]
[EventType "team-tourn"]
[EventRounds "9"]
[EventCountry "CHI"]
[SourceTitle "EXT 2014"]
[Source "ChessBase"]
[SourceDate "2013.11.20"]
[SourceVersion "1"]
[SourceVersionDate "2013.11.20"]
[SourceQuality "1"]

1. c4 e5 2. g3 Nc6 3. Bg2 f5 4. Nc3 Nf6 5. d3 Bc5 6. e3 0-0 7. Nge2 d6 8. a3 a6 9. b4 Ba7 10. Nd5 Be6 11. Nec3 Rb8 12. 0-0 Ng4 13. h3 Nf6 14. Kh2 Ne7 15. f4 c6 16. Nxe7+ Qxe7 17. Qe2 Rbe8 18. Bd2 Qf7 19. fxe5 dxe5 20. e4 Qg6 21. c5 Nh5 22. Rf3 Bb8 23. exf5 Bxf5 24. Ne4 Bxe4 25. dxe4 Rf6 26. Raf1 Ref8 27. Be1 Bc7 28. Rxf6 Rxf6 29. Bf3 Rxf3 30. Qxf3 Nf6 31. Qf5 Qe8 32. g4 Nd7 33. Bh4 Nf8 34. Qf3 Ne6 35. Qb3 Kh8 36. Qf3 Kg8 37. Rd1 Nd4 38. Qd3 Qf7 39. Rf1 Qe8 40. Bg3 Qe6 41. Rf2 Bd8 42. Qf1 Be7 43. Qb1 Bg5 44. Qa2 Qxa2 45. Rxa2 Bf6 46. Kg2 Kf7 47. g5 Bxg5 48. Bxe5 Ne6 49. Ra1 Bf6 50. Rf1 Ke7 51. Bxf6+ gxf6 52. h4 Nd4 53. Kg3 Ne2+ 54. Kg4 h5+ 55. Kf3 Nd4+ 56. Kf4 Ke6 57. Rd1 Ne2+ 58. Ke3 Nc3 59. Rd8 Nb1 60. Rh8 Nxa3 61. Kd3 1-0

[Event "CHI-chT"]
[Site "Santiago de Chile"]
[Date "2012.11.27"]
[Round "2"]
[White "Pinilla Delgado, Agustin Eduard"]
[Black "Carmona Rosales, Jose Luis"]
[Result "1-0"]
[WhiteElo "1840"]
[BlackElo "2048"]
[PlyCount "71"]
[EventDate "2012.11.22"]
[EventType "team-tourn"]
[EventRounds "9"]
[EventCountry "CHI"]
[SourceTitle "EXT 2014"]
[Source "ChessBase"]
[SourceDate "2013.11.20"]
[SourceVersion "1"]
[SourceVersionDate "2013.11.20"]
[SourceQuality "1"]

1. e4 c6 2. d4 Na6 3. c3 Nc7 4. Bd3 d5 5. e5 g6 6. Nf3 h5 7. Bf4 Nh6 8. Nbd2 Bf5 9. Qc2 Ne6 10. Be3 Bxd3 11. Qxd3 Nf5 12. 0-0 Neg7 13. Rac1 e6 14. h3 Be7 15. Nh2 g5 16. g3 Nxe3 17. fxe3 Nf5 18. e4 dxe4 19. Nxe4 Qd5 20. g4 hxg4 21. hxg4 Nh4 22. c4 Qd7 23. Rfd1 Ng6 24. Qf3 Nf4 25. Nf2 0-0-0 26. Nf1 Rh4 27. Ne3 Rdh8 28. a3 Qe8 29. b4 Qg8 30. d5 c5 31. d6 Bd8 32. bxc5 Nh3+ 33. Kf1 Nxf2 34. Rb1 Bb6 35. d7+ Kd8 36. Qf6+ 1-0

[Event "Santiago-ch sf"]
[Site "Santiago de Chile"]
[Date "2012.01.22"]
[Round "2.1"]
[White "Carmona Rosales, Jose Luis"]
[Black "Henriquez Villagra, Cristobal"]
[Result "0-1"]
[WhiteElo "2051"]
[BlackElo "2317"]
[PlyCount "70"]
[EventDate "2012.01.21"]
[EventType "swiss"]
[EventRounds "9"]
[EventCountry "CHI"]
[SourceTitle "EXT 2024"]
[Source "ChessBase"]
[SourceDate "2023.10.10"]
[SourceVersion "1"]
[SourceVersionDate "2023.10.10"]
[SourceQuality "1"]

1. d4 Nf6 2. Nf3 g6 3. h3 Bg7 4. Bf4 c5 5. c3 Qb6 6. Qc1 cxd4 7. Bxb8 Rxb8 8. cxd4 0-0 9. e3 d6 10. Be2 Bf5 11. Nc3 Rbc8 12. Qd2 Ne4 13. Nxe4 Bxe4 14. Bd1 Rc7 15. 0-0 Rfc8 16. a3 e5 17. dxe5 dxe5 18. Qb4 Bd3 19. Qxb6 axb6 20. Re1 e4 21. Nd4 Bxd4 22. exd4 Rd8 23. f3 Rxd4 24. fxe4 Bxe4 25. Re2 f5 26. Bb3+ Kg7 27. Rd1 Rxd1+ 28. Bxd1 Kf6 29. Kf2 Rd7 30. Bb3 h5 31. h4 g5 32. hxg5+ Kxg5 33. Bc2 Bc6 34. Kg3 Rd4 35. Re5 Rg4+ 0-1

[Event "Santiago de Chile op"]
[Site "Santiago de Chile"]
[Date "2011.09.23"]
[Round "7"]
[White "Carmona Rosales, Jose Luis"]
[Black "Vargas Maliqueo, Ivan Patricio"]
[Result "0-1"]
[WhiteElo "2065"]
[BlackElo "2195"]
[PlyCount "61"]
[EventDate "2011.09.07"]
[EventType "swiss"]
[EventRounds "9"]
[EventCountry "CHI"]
[SourceTitle "EXT 2012"]
[Source "ChessBase"]
[SourceDate "2011.11.24"]
[SourceVersion "1"]
[SourceVersionDate "2011.11.24"]
[SourceQuality "1"]

1. Nf3 d5 2. g3 c5 3. Bg2 Nc6 4. c4 Nf6 5. cxd5 Nxd5 6. Nc3 e6 7. 0-0 Be7 8. d3 0-0 9. a3 b6 10. Ne4 h6 11. Bd2 Bb7 12. Rc1 Qd7 13. Qb3 Rfd8 14. Rfd1 Rac8 15. Bc3 Nxc3 16. bxc3 Na5 17. Qb1 Qa4 18. Ne1 Qxa3 19. Qb5 c4 20. d4 Nb3 21. Rb1 Bd5 22. Bf3 f5 23. Nd2 Nxd2 24. Rxd2 Qb3 25. Rdd1 Rc7 26. Bxd5 exd5 27. Ng2 Qa3 28. Ne3 Qd6 29. Nxf5 Qe6 30. Ne3 Bg5 31. Ng2 0-1

[Event "Santiago de Chile op"]
[Site "Santiago de Chile"]
[Date "2011.09.21"]
[Round "6"]
[White "Carmona Rosales, Jose Luis"]
[Black "Bombardiere Rosas, Eduardo"]
[Result "1/2-1/2"]
[WhiteElo "2065"]
[BlackElo "2172"]
[PlyCount "107"]
[EventDate "2011.09.07"]
[EventType "swiss"]
[EventRounds "9"]
[EventCountry "CHI"]
[SourceTitle "EXT 2012"]
[Source "ChessBase"]
[SourceDate "2011.11.24"]
[SourceVersion "1"]
[SourceVersionDate "2011.11.24"]
[SourceQuality "1"]

1. Nf3 d5 2. d3 c5 3. Nbd2 Nc6 4. e4 Nf6 5. Be2 e6 6. 0-0 Be7 7. Re1 0-0 8. Bf1 Qc7 9. c3 Rd8 10. Qc2 b6 11. e5 Nd7 12. d4 Bb7 13. Nb3 Rac8 14. Bf4 a5 15. Qd1 a4 16. Nbd2 a3 17. bxa3 cxd4 18. cxd4 Bxa3 19. Qb3 Ra8 20. Nb1 Be7 21. Rc1 Qb8 22. Qe3 Rc8 23. Bg5 Bxg5 24. Qxg5 h6 25. Qh4 Ba6 26. Nbd2 Bxf1 27. Rxf1 Ra4 28. Qf4 Nf8 29. Qe3 Qa8 30. Qb3 Nxd4 31. Qxb6 Nxf3+ 32. Nxf3 Rxa2 33. Rxa2 Qxa2 34. Nd4 Qc4 35. Nb5 Nd7 36. Qb7 Qc6 37. Qxc6 Rxc6 38. f4 g5 39. g3 Rc4 40. Kg2 gxf4 41. gxf4 f6 42. f5 Rc2+ 43. Kg3 fxe5 44. fxe6 Nc5 45. e7 Ne4+ 46. Kh3 Rc8 47. Rf5 Re8 48. Rxe5 Kf7 49. Rxe4 dxe4 50. Nd6+ Kxe7 51. Nxe8 Kxe8 52. Kg3 Kf7 53. Kf4 Kg6 54. Kxe4 1/2-1/2

[Event "Santiago de Chile op"]
[Site "Santiago de Chile"]
[Date "2011.09.12"]
[Round "3"]
[White "Carmona Rosales, Jose Luis"]
[Black "Chandia Galvez, Omar"]
[Result "0-1"]
[WhiteElo "2065"]
[BlackElo "2049"]
[PlyCount "52"]
[EventDate "2011.09.07"]
[EventType "swiss"]
[EventRounds "9"]
[EventCountry "CHI"]
[SourceTitle "EXT 2012"]
[Source "ChessBase"]
[SourceDate "2011.11.24"]
[SourceVersion "1"]
[SourceVersionDate "2011.11.24"]
[SourceQuality "1"]

1. c4 e5 2. Nc3 Nf6 3. g3 Bc5 4. Bg2 0-0 5. Nf3 e4 6. Ng1 c6 7. Nxe4 Nxe4 8. Bxe4 d5 9. cxd5 f5 10. Bg2 f4 11. d4 Bb4+ 12. Bd2 Qb6 13. Nf3 cxd5 14. Bxb4 Qxb4+ 15. Qd2 Qd6 16. Ne5 fxg3 17. hxg3 Nc6 18. Nxc6 bxc6 19. 0-0 Rb8 20. Rac1 Rf6 21. Rc5 Bd7 22. b3 Rbf8 23. e3 Rh6 24. f4 Qg6 25. Qf2 Qh5 26. Bf3 Bg4 0-1

[Event "CHI-chT"]
[Site "Chile"]
[Date "2010.12.14"]
[Round "9"]
[White "Carmona Rosales, Jose Luis"]
[Black "Caceres Vasquez, Sergio"]
[Result "1/2-1/2"]
[WhiteElo "2051"]
[BlackElo "2176"]
[PlyCount "62"]
[EventDate "2010.10.19"]
[EventType "team"]
[EventRounds "9"]
[EventCountry "CHI"]
[SourceTitle "EXT 2012"]
[Source "ChessBase"]
[SourceDate "2011.11.24"]
[SourceVersion "1"]
[SourceVersionDate "2011.11.24"]
[SourceQuality "1"]

1. e4 c5 2. c4 e6 3. Nc3 Nc6 4. f4 d6 5. g3 Nf6 6. Bg2 Be7 7. Nh3 0-0 8. 0-0 Ne8 9. d3 Nd4 10. Nf2 g6 11. Ne2 f5 12. Nxd4 cxd4 13. exf5 gxf5 14. Re1 Bf6 15. b4 a5 16. c5 axb4 17. cxd6 Qxd6 18. Qb3 Nc7 19. Bd2 Na6 20. Rab1 Rf7 21. Re2 Be7 22. Kf1 Bf8 23. Nh3 h6 24. Ng1 Rc7 25. Nf3 Nc5 26. Bxb4 Nxb3 27. Bxd6 Rc1+ 28. Rxc1 Nxc1 29. Rc2 Bxd6 30. Rxc1 Bd7 31. Rc2 Ra4 1/2-1/2

[Event "CHI-chT"]
[Site "Chile"]
[Date "2010.10.19"]
[Round "1"]
[White "Bombardiere Rosas, Eduardo"]
[Black "Carmona Rosales, Jose Luis"]
[Result "1-0"]
[WhiteElo "2199"]
[BlackElo "2051"]
[PlyCount "125"]
[EventDate "2010.10.19"]
[EventType "team"]
[EventRounds "9"]
[EventCountry "CHI"]
[SourceTitle "EXT 2012"]
[Source "ChessBase"]
[SourceDate "2011.11.24"]
[SourceVersion "1"]
[SourceVersionDate "2011.11.24"]
[SourceQuality "1"]

1. e4 e5 2. Nf3 Nc6 3. Bb5 d6 4. 0-0 Bd7 5. Nc3 Be7 6. Nd5 Nf6 7. Nxe7 Nxe7 8. Bxd7+ Qxd7 9. Re1 Ng6 10. d4 h6 11. b3 0-0 12. dxe5 dxe5 13. Ba3 Qxd1 14. Raxd1 Rfd8 15. Rxd8+ Rxd8 16. g3 Ne8 17. Kf1 f6 18. Ke2 Nf8 19. Nh4 Ne6 20. c3 Nd6 21. f3 Nb5 22. Bb2 c6 23. Nf5 Nd6 24. Ne3 b5 25. Ba3 a5 26. Rd1 b4 27. Bb2 Kf7 28. Rc1 Ra8 29. Nf5 Nb5 30. c4 Nbd4+ 31. Bxd4 exd4 32. a4 c5 33. Kd3 Rd8 34. Nh4 g6 35. Ng2 g5 36. Rf1 Rg8 37. Ne1 Ke7 38. Ke2 Kd6 39. Nd3 Re8 40. Kf2 Nd8 41. Re1 Nc6 42. f4 Re7 43. h3 Re8 44. Kf3 Re7 45. Kg4 gxf4 46. gxf4 Rg7+ 47. Kf5 Rg3 48. e5+ fxe5 49. fxe5+ Nxe5 50. Nxe5 Rxb3 51. h4 Rc3 52. Nf7+ Kd7 53. Nxh6 Rxc4 54. Ng4 Rc3 55. Rh1 b3 56. h5 b2 57. Rb1 c4 58. Rxb2 Rh3 59. Ne5+ Kc7 60. Nxc4 Rxh5+ 61. Ke4 Kc6 62. Rb6+ Kc7 63. Rb5 1-0

[Event "Santiago Endesa 06"]
[Site "Santiago de Chile"]
[Date "2010.06.21"]
[Round "7"]
[White "Carmona Rosales, Jose Luis"]
[Black "Quinones Mena, Jeannette"]
[Result "1/2-1/2"]
[WhiteElo "2111"]
[BlackElo "2008"]
[PlyCount "91"]
[EventDate "2010.06.07"]
[EventType "tourn"]
[EventRounds "11"]
[EventCountry "CHI"]
[SourceTitle "EXT 2012"]
[Source "ChessBase"]
[SourceDate "2011.11.24"]
[SourceVersion "1"]
[SourceVersionDate "2011.11.24"]
[SourceQuality "1"]

1. d4 Nf6 2. Nf3 g6 3. h3 Bg7 4. Bf4 0-0 5. e3 c5 6. Nbd2 d6 7. c3 Nbd7 8. Bh2 Qc7 9. Be2 b6 10. a4 Bb7 11. 0-0 Rfe8 12. Nc4 a6 13. Nfd2 Rec8 14. Bf3 Rab8 15. Bxb7 Rxb7 16. Qf3 Rcb8 17. Qe2 Ra7 18. Na3 Qc6 19. Nc2 Re8 20. e4 cxd4 21. Nxd4 Qc8 22. N2f3 e5 23. Nc2 Nc5 24. Nd2 d5 25. exd5 Nxd5 26. Rfd1 Bh6 27. Ne4 Nxe4 28. Qxe4 Nf4 29. Bxf4 exf4 30. Qf3 Rae7 31. Rd2 Qc4 32. a5 bxa5 33. Rad1 Qb5 34. Kh2 Qxb2 35. Nb4 Qb3 36. Nd5 Re6 37. Nc7 a4 38. Nxe8 Rxe8 39. Rd8 Rxd8 40. Rxd8+ Kg7 41. Qa8 Qe6 42. Rg8+ Kf6 43. Rc8 Kg7 44. Rg8+ Kf6 45. Rc8 Kg7 46. Rg8+ 1/2-1/2

[Event "Santiago Endesa 02"]
[Site "Santiago de Chile"]
[Date "2010.05.17"]
[Round "7"]
[White "Carmona Rosales, Jose Luis"]
[Black "Von Dessauer Orellana, Daniel J"]
[Result "1-0"]
[WhiteElo "2111"]
[BlackElo "2028"]
[PlyCount "91"]
[EventDate "2010.05.03"]
[EventType "tourn"]
[EventRounds "9"]
[EventCountry "CHI"]
[SourceTitle "EXT 2012"]
[Source "ChessBase"]
[SourceDate "2011.11.24"]
[SourceVersion "1"]
[SourceVersionDate "2011.11.24"]
[SourceQuality "1"]

1. e4 e6 2. d4 d5 3. e5 c5 4. c3 Qb6 5. Nf3 Nc6 6. a3 c4 7. Nbd2 Na5 8. g3 Ne7 9. Bg2 Nec6 10. 0-0 Be7 11. Ne1 0-0 12. Rb1 f6 13. exf6 Bxf6 14. f4 Bd7 15. Kh1 Ne7 16. Ndf3 Nb3 17. Be3 a5 18. Nc2 Nf5 19. Bf2 Qc7 20. Qe2 b5 21. Ne5 Bxe5 22. dxe5 Rab8 23. Rbd1 Be8 24. g4 Ne7 25. Bg3 Rd8 26. Bh4 Bg6 27. Ne3 Bd3 28. Qf2 Bxf1 29. Rxf1 Rde8 30. Bg3 g6 31. Bh4 Nc5 32. Bf6 Nd7 33. Qh4 Nxf6 34. exf6 Nc8 35. f5 Nb6 36. fxg6 hxg6 37. g5 Rf7 38. Qh6 Nd7 39. Qxg6+ Kf8 40. Ng4 Ne5 41. Qh6+ Kg8 42. g6 Nxg6 43. Qxg6+ Kh8 44. Nh6 Rff8 45. f7 Re7 46. Qg8+ 1-0

[Event "Santiago Endesa 02"]
[Site "Santiago de Chile"]
[Date "2010.05.14"]
[Round "6"]
[White "Alvarez, Jorge"]
[Black "Carmona Rosales, Jose Luis"]
[Result "1-0"]
[WhiteElo "2110"]
[BlackElo "2111"]
[PlyCount "91"]
[EventDate "2010.05.03"]
[EventType "tourn"]
[EventRounds "9"]
[EventCountry "CHI"]
[SourceTitle "EXT 2012"]
[Source "ChessBase"]
[SourceDate "2011.11.24"]
[SourceVersion "1"]
[SourceVersionDate "2011.11.24"]
[SourceQuality "1"]

1. Nf3 d5 2. d4 c6 3. c4 e6 4. Nc3 f5 5. e3 Nf6 6. Be2 Be7 7. 0-0 0-0 8. Ne5 Nfd7 9. f4 Rf6 10. Bd2 Nxe5 11. fxe5 Rf7 12. Rc1 a5 13. g4 g6 14. Kh1 Na6 15. gxf5 gxf5 16. cxd5 exd5 17. Rg1+ Rg7 18. e4 fxe4 19. Bh6 Rg6 20. Bh5 Bf5 21. Bxg6 hxg6 22. Be3 Kf7 23. Qe2 Qh8 24. Rcf1 Qh7 25. Bg5 Rh8 26. Nd1 Qh5 27. Qxh5 Rxh5 28. Bxe7 Kxe7 29. Ne3 Nb4 30. a3 Nd3 31. b4 axb4 32. axb4 Kd7 33. Rg3 Ke6 34. Kg2 b5 35. Nxf5 gxf5 36. Rg6+ Kd7 37. Rd6+ Kc7 38. Ra1 Rh8 39. Ra7+ Kb6 40. Rdd7 Rb8 41. h4 f4 42. e6 f3+ 43. Kg3 f2 44. Kg2 Nf4+ 45. Kxf2 Nxe6 46. Ke3 1-0

[Event "Santiago Endesa Interempresas tt-B"]
[Site "Santiago de Chile"]
[Date "2009.09.29"]
[Round "11"]
[White "Dumas Aviles, Alejandro"]
[Black "Carmona Rosales, Jose Luis"]
[Result "1-0"]
[WhiteElo "2341"]
[BlackElo "2082"]
[PlyCount "64"]
[EventDate "2009.07.21"]
[EventType "team"]
[EventRounds "11"]
[EventCountry "CHI"]
[SourceTitle "EXT 2012"]
[Source "ChessBase"]
[SourceDate "2011.11.24"]
[SourceVersion "1"]
[SourceVersionDate "2011.11.24"]
[SourceQuality "1"]

1. c4 e6 2. Nf3 d5 3. b3 c5 4. g3 Nc6 5. Bg2 Nf6 6. 0-0 Be7 7. cxd5 Nxd5 8. Bb2 Bf6 9. Nc3 Nxc3 10. Bxc3 Bxc3 11. dxc3 Qxd1 12. Rfxd1 Ke7 13. Ng5 f5 14. Bxc6 bxc6 15. f4 Bb7 16. Rd2 h6 17. Rad1 hxg5 18. Rd7+ Kf6 19. fxg5+ Kxg5 20. Rxg7+ Kf6 21. Rxb7 a5 22. a4 Ke5 23. Rd3 Rhg8 24. Rbd7 f4 25. Kg2 Rg6 26. Rc7 Ra6 27. Rh7 Ke4 28. Kf2 e5 29. gxf4 exf4 30. Rh5 Re6 31. Rxc5 Re5 32. Rd4+ Kf5 1-0

[Event "Santiago Endesa Interempresas tt-B"]
[Site "Santiago de Chile"]
[Date "2009.08.11"]
[Round "4"]
[White "Cuevas Araya, Walter"]
[Black "Carmona Rosales, Jose Luis"]
[Result "1-0"]
[WhiteElo "2283"]
[BlackElo "2082"]
[PlyCount "73"]
[EventDate "2009.07.21"]
[EventType "team"]
[EventRounds "11"]
[EventCountry "CHI"]
[SourceTitle "EXT 2012"]
[Source "ChessBase"]
[SourceDate "2011.11.24"]
[SourceVersion "1"]
[SourceVersionDate "2011.11.24"]
[SourceQuality "1"]

1. e4 e5 2. Nf3 Nc6 3. d4 exd4 4. Nxd4 Nf6 5. Nxc6 dxc6 6. Qxd8+ Kxd8 7. Nc3 Be6 8. Bg5 h6 9. Bd2 Bc5 10. 0-0-0 Kc8 11. f3 a5 12. a4 b6 13. Ne2 Kb7 14. Nf4 Rad8 15. Nxe6 fxe6 16. Bc4 e5 17. c3 Rxd2 18. Kxd2 Ne8 19. Kc2 Nd6 20. Be2 b5 21. Ra1 Kb6 22. Rhd1 Re8 23. Rd2 Re6 24. Bf1 g5 25. h3 h5 26. Be2 h4 27. Ra2 Re8 28. Rd1 Ra8 29. axb5 cxb5 30. b4 Be3 31. Rxa5 Rxa5 32. bxa5+ Kxa5 33. Rd5 Bf4 34. c4 Nxc4 35. Bxc4 c6 36. Rd8 bxc4 37. Rb8 1-0

[Event "Santiago Endesa 12"]
[Site "Santiago de Chile"]
[Date "2009.07.08"]
[Round "4"]
[White "Carmona Rosales, Jose Luis"]
[Black "Gonzalez Alvarez, Jose"]
[Result "1/2-1/2"]
[WhiteElo "2105"]
[BlackElo "2089"]
[PlyCount "73"]
[EventDate "2009.07.01"]
[EventType "tourn"]
[EventRounds "11"]
[EventCountry "CHI"]
[SourceTitle "EXT 2012"]
[Source "ChessBase"]
[SourceDate "2011.11.24"]
[SourceVersion "1"]
[SourceVersionDate "2011.11.24"]
[SourceQuality "1"]

1. d4 Nf6 2. c4 e6 3. Nf3 d5 4. Nc3 Be7 5. e3 0-0 6. Bd3 b6 7. Ne5 Bb7 8. 0-0 Nbd7 9. cxd5 exd5 10. Qc2 Re8 11. Bb5 a6 12. Nc6 Qc8 13. Nxe7+ Rxe7 14. Bd3 Nf8 15. Bf5 Qd8 16. b4 Bc8 17. a4 c6 18. Ne2 Bxf5 19. Qxf5 Ne4 20. Nf4 Ne6 21. Nd3 Nd6 22. Qh5 f6 23. Bd2 Nc4 24. Rfd1 b5 25. a5 Qe8 26. Qg4 h5 27. Qf5 Nd6 28. Qf3 Qg6 29. Be1 Qg4 30. Rac1 Qxf3 31. gxf3 Nc4 32. Kg2 Kf7 33. Bc3 g5 34. h3 Ng7 35. Re1 Nf5 36. Nc5 Nh4+ 37. Kg3 1/2-1/2

[Event "Santiago Endesa 06"]
[Site "Santiago de Chile"]
[Date "2009.05.29"]
[Round "6"]
[White "Mundaca Alvarez, Juan Carlos"]
[Black "Carmona Rosales, Jose Luis"]
[Result "1-0"]
[WhiteElo "2149"]
[BlackElo "2120"]
[PlyCount "105"]
[EventDate "2009.05.13"]
[EventType "tourn"]
[EventRounds "7"]
[EventCountry "CHI"]
[SourceTitle "EXT 2012"]
[Source "ChessBase"]
[SourceDate "2011.11.24"]
[SourceVersion "1"]
[SourceVersionDate "2011.11.24"]
[SourceQuality "1"]

1. e4 e6 2. d4 d5 3. e5 c5 4. c3 Nc6 5. Nf3 Nge7 6. a3 Nf5 7. b4 cxd4 8. cxd4 Nh4 9. Nbd2 Be7 10. Bb2 Bd7 11. Nxh4 Bxh4 12. Nf3 Be7 13. Bd3 a6 14. 0-0 Na7 15. Rc1 Nc8 16. Nd2 Nb6 17. Qe2 Na4 18. Nb3 Qb6 19. Ba1 Bb5 20. Nc5 Bxd3 21. Qxd3 Bxc5 22. bxc5 Qc6 23. Qb3 Rb8 24. Rc2 0-0 25. Rb1 Rfc8 26. Bc3 b5 27. Ba5 Rf8 28. f4 f6 29. exf6 Rxf6 30. Rf2 Rbf8 31. Rbf1 h5 32. Qe3 g6 33. h4 Kf7 34. Qe5 Rc8 35. Qg5 Qe8 36. Qg3 Rc6 37. Re1 Qb8 38. Re5 Qf8 39. Qe3 Qe7 40. g3 Rf5 41. Qd2 Qd7 42. Rfe2 Qc8 43. Qe1 Qd7 44. Kg2 Rxe5 45. fxe5 Qe7 46. Bd2 Qe8 47. Rf2+ Kg7 48. Qe3 Rc7 49. Rf6 Kg8 50. Qf2 Kh7 51. Rf8 Qd7 52. Bg5 Qg7 53. Qf6 1-0

[Event "Santiago Endesa op 1st"]
[Site "Santiago de Chile"]
[Date "2009.05.05"]
[Round "5"]
[White "Diaz Villagran, Robert"]
[Black "Carmona Rosales, Jose Luis"]
[Result "1-0"]
[WhiteElo "2286"]
[BlackElo "2120"]
[PlyCount "117"]
[EventDate "2009.04.21"]
[EventType "swiss"]
[EventRounds "9"]
[EventCountry "CHI"]
[SourceTitle "EXT 2012"]
[Source "ChessBase"]
[SourceDate "2011.11.24"]
[SourceVersion "1"]
[SourceVersionDate "2011.11.24"]
[SourceQuality "1"]

1. e4 d6 2. d4 e5 3. Nf3 Nc6 4. Bb5 Bd7 5. 0-0 exd4 6. Nxd4 Nf6 7. Re1 Be7 8. Bf1 0-0 9. c4 Ne8 10. Nc3 Bf6 11. Be3 Nxd4 12. Bxd4 Bxd4 13. Qxd4 Bc6 14. Re3 Nf6 15. b4 a6 16. b5 axb5 17. cxb5 Bd7 18. b6 Bc6 19. bxc7 Qxc7 20. Rg3 Nh5 21. Rd3 Rfd8 22. Rad1 Nf4 23. R3d2 Qa5 24. Qe3 Qe5 25. Bc4 Rac8 26. Bb3 g6 27. Ne2 Ne6 28. f3 Kg7 29. Qc3 Qxc3 30. Nxc3 Nc5 31. Rxd6 Rxd6 32. Rxd6 Nxb3 33. axb3 Ra8 34. Rd2 Ra3 35. Rb2 Kf6 36. Kf2 b5 37. Ke3 b4 38. Ne2 Bb5 39. Nd4 Bc4 40. f4 Ke7 41. g4 f6 42. Nc2 Rxb3+ 43. Rxb3 Bxb3 44. Nxb4 h6 45. Nd5+ Ke6 46. f5+ Kf7 47. Kd4 g5 48. Ne3 Ke7 49. e5 fxe5+ 50. Kxe5 Ba4 51. Nd5+ Kf7 52. Nc3 Bc6 53. Ne4 Ba4 54. Nd6+ Ke7 55. f6+ Kf8 56. Nf5 Bc2 57. Nxh6 Bd3 58. Ke6 Bc2 59. f7 1-0

[Event "Santiago Endesa 05"]
[Site "Santiago de Chile"]
[Date "2009.03.18"]
[Round "2"]
[White "Quinones Mena, Jeannette"]
[Black "Carmona Rosales, Jose Luis"]
[Result "0-1"]
[WhiteElo "2020"]
[BlackElo "2191"]
[PlyCount "82"]
[EventDate "2009.03.16"]
[EventType "tourn"]
[EventRounds "10"]
[EventCountry "CHI"]
[SourceTitle "EXT 2012"]
[Source "ChessBase"]
[SourceDate "2011.11.24"]
[SourceVersion "1"]
[SourceVersionDate "2011.11.24"]
[SourceQuality "1"]

1. d4 d5 2. c4 e6 3. Nc3 f5 4. Bf4 Nf6 5. e3 Be7 6. Nf3 c6 7. Bxb8 Rxb8 8. Ne5 0-0 9. Be2 Nd7 10. f4 Nxe5 11. dxe5 Qb6 12. Qd2 Bc5 13. Kf2 d4 14. exd4 Bxd4+ 15. Kg3 Rd8 16. Na4 Bf2+ 17. Kf3 Rxd2 18. Nxb6 Bxb6 19. b4 Rd8 20. c5 Bc7 21. g4 fxg4+ 22. Ke3 Bd7 23. h3 Rf8 24. hxg4 Rbe8 25. Rh3 Re7 26. Rah1 g6 27. Bd3 Be8 28. Bc4 Rff7 29. f5 gxf5 30. gxf5 Rxf5 31. Bxe6+ Rxe6 32. Rxh7 Bxe5 33. Rxb7 Rf7 34. Rxf7 Bxf7 35. Kd3 Rg6 36. Re1 Rg5 37. a4 Bd5 38. b5 Rg3+ 39. Ke2 Bd4 40. Rc1 Rg1 41. b6 axb6 0-1

[Event "Santiago Endesa Classification"]
[Site "Santiago de Chile"]
[Date "2008.10.03"]
[Round "7"]
[White "Carmona Rosales, Jose Luis"]
[Black "Hernandez Riera, Jose de Jesus"]
[Result "1/2-1/2"]
[WhiteElo "2033"]
[BlackElo "2263"]
[PlyCount "72"]
[EventDate "2008.09.24"]
[EventType "swiss"]
[EventRounds "9"]
[EventCountry "CHI"]
[SourceTitle "EXT 2012"]
[Source "ChessBase"]
[SourceDate "2011.11.24"]
[SourceVersion "1"]
[SourceVersionDate "2011.11.24"]
[SourceQuality "1"]

1. e4 c6 2. d4 d5 3. exd5 cxd5 4. Bd3 Nf6 5. h3 g6 6. Nf3 Bg7 7. c3 Bf5 8. Bxf5 gxf5 9. Bf4 e6 10. Qb3 Qb6 11. Qxb6 axb6 12. Nbd2 Nc6 13. 0-0 Ne4 14. a3 Kd7 15. Rad1 b5 16. Rfe1 Rhg8 17. Nb3 b6 18. Ne5+ Nxe5 19. dxe5 Bf8 20. Nd4 Bc5 21. f3 Bxd4+ 22. Rxd4 Nc5 23. Red1 Kc6 24. Kf2 h5 25. h4 Ra4 26. Rxa4 bxa4 27. Rd4 b5 28. g3 Rg6 29. Rd1 Nd7 30. Re1 Nb6 31. Bg5 Nc4 32. Re2 Kd7 33. Bf6 Kc6 34. Bg5 Kd7 35. Bf6 Kc6 36. Bg5 Kd7 1/2-1/2

[Event "Santiago Endesa 13"]
[Site "Santiago de Chile"]
[Date "2008.09.08"]
[Round "7"]
[White "Carmona Rosales, Jose Luis"]
[Black "Reveco Lizama, Manuel A"]
[Result "1-0"]
[WhiteElo "2191"]
[BlackElo "2001"]
[PlyCount "119"]
[EventDate "2008.08.18"]
[EventType "tourn"]
[EventRounds "9"]
[EventCountry "CHI"]
[SourceTitle "EXT 2012"]
[Source "ChessBase"]
[SourceDate "2011.11.24"]
[SourceVersion "1"]
[SourceVersionDate "2011.11.24"]
[SourceQuality "1"]

1. e4 c5 2. Nc3 g6 3. f4 Bg7 4. Nf3 e6 5. d4 cxd4 6. Nxd4 a6 7. Be3 Ne7 8. Bd3 d5 9. e5 Nd7 10. 0-0 b6 11. Bf2 Bb7 12. Bh4 Nc5 13. Be2 Qc7 14. Bf3 0-0-0 15. Nce2 h6 16. Bf6 Bxf6 17. exf6 Ng8 18. Rc1 Kb8 19. c4 Qd6 20. b4 Nd7 21. cxd5 exd5 22. b5 Nc5 23. Nb3 Nxf6 24. Nxc5 bxc5 25. bxa6 Bxa6 26. Qa4 c4 27. Nd4 Kc7 28. f5 Ra8 29. fxg6 fxg6 30. Qc2 Qc5 31. Rcd1 Rhg8 32. Kh1 Bc8 33. a4 Bd7 34. Qd2 g5 35. Qf2 Qd6 36. Rb1 Bxa4 37. Bd1 Bd7 38. Qxf6 Qxf6 39. Rxf6 Rgf8 40. Rf3 g4 41. Rxf8 Rxf8 42. Be2 Rf4 43. Rd1 Kd6 44. Kg1 Kc5 45. Nc2 Ba4 46. Rc1 d4 47. Ne1 Re4 48. Rxc4+ Kd5 49. Rxa4 Rxe2 50. Kf1 Rb2 51. Ra5+ Ke4 52. Re5+ Kxe5 53. Nd3+ Ke4 54. Nxb2 Ke3 55. Ke1 h5 56. Nd1+ Kd3 57. Nf2+ Ke3 58. Nh1 d3 59. Nf2 d2+ 60. Kf1 1-0